00506nam a2200205 a 4500001001300000003000900013005001700022008004100039020001000080082001800090100001600108245003000124260003700154300000900191500003500200505001000235650002100245650001800266700001600284nice12345678IN_TiNIC20260116011440.0050524s1907 lona grp 000 0 eng  ac10000a294.5921bFRA aFrazer, R W aLiterary History of India aLondonbT.Fisher Unwin Ltdc1907 a470p aincludes index and biblioraphy2 aIndex aHindu Literature aIndia-History1 aFrazer, R W